000 00624nam a22001817a 4500
003 UA-OsUOA
001 17663
007 ta
008 20040320b un ||||| |||| 00| 0 ukr d
100 _aСтепанча В.
942 _cSA
040 _aUA-OsUOA
_cUA-OsUOA
_dUA-OsUOA
245 _a"Сільська валюта " чи цивілізована торгівля?
_b[Споживча кооперація Рокитнівщини]
300 _aС.3
955 _a0
773 0 _w0
_tРівненський кооператор
_dРівне
_d2004
_g№11/ 12 берез./
650 7 _aКраєзнавча робота
_2UDC
999 _c303831
_d303831